Introduction à l'Ancien Français (notice n° 2141250)
[ vue normale ]
| 000 -LEADER | |
|---|---|
| fixed length control field | 01398cam a2200157 4500500 |
| 005 - DATE AND TIME OF LATEST TRANSACTION | |
| control field | 20260405024759.0 |
| 041 ## - LANGUAGE CODE | |
| Language code of text/sound track or separate title | fre |
| 042 ## - AUTHENTICATION CODE | |
| Authentication code | dc |
| 100 10 - MAIN ENTRY--PERSONAL NAME | |
| Personal name | Hasenohr, Geneviève |
| Relator term | author |
| 245 00 - TITLE STATEMENT | |
| Title | Introduction à l'Ancien Français |
| 260 ## - PUBLICATION, DISTRIBUTION, ETC. | |
| Name of publisher, distributor, etc. | Armand Colin,<br/> |
| Date of publication, distribution, etc. | 2025.<br/> |
| 520 ## - SUMMARY, ETC. | |
| Summary, etc. | Cette Introduction à l’ancien français est la 3e édition entièrement revue et mise à jour du manuel publié pour la première fois en 1990 par Geneviève Hasenohr, manuel qui prenait la suite, sous un nouveau format, de l’ouvrage classique de Guy Raynaud de Lage. Il continue ainsi à accompagner non seulement les étudiants, mais aussi les amateurs qui, par nécessité ou par goût, sont amenés à lire des textes ou des documents médiévaux.À tous, il offre un moyen d’accès aisé à notre ancienne littérature. L’exposé est plus pratique que théorique, et chaque phénomène est illustré par un choix d’exemples abondant et varié, propre à familiariser peu à peu le lecteur avec les formes et les mécanismes d’un état de langue – le français des XIIe et XIIIe siècles – qui, au-delà des siècles, a laissé sa marque dans nos parlers modernes. |
| 700 10 - ADDED ENTRY--PERSONAL NAME | |
| Personal name | Raynaud de Lage, Guy |
| Relator term | author |
| 700 10 - ADDED ENTRY--PERSONAL NAME | |
| Personal name | Huchet, Marie-Madeleine |
| Relator term | author |
| 856 41 - ELECTRONIC LOCATION AND ACCESS | |
| Uniform Resource Identifier | <a href="https://shs.cairn.info/introduction-a-l-ancien-francais-3e-ed--9782200641214?lang=fr&redirect-ssocas=7080">https://shs.cairn.info/introduction-a-l-ancien-francais-3e-ed--9782200641214?lang=fr&redirect-ssocas=7080</a> |
Pas d'exemplaire disponible.




Réseaux sociaux